La influencia italiana en el nacimiento de la comedia española
Αποθηκεύτηκε σε:
| Κύριος συγγραφέας: | |
|---|---|
| Μορφή: | Βιβλίο |
| Γλώσσα: | Undetermined |
| Έκδοση: |
Madrid, España
Gredos
1969
|
| Θέματα: | |
| Ετικέτες: |
Προσθήκη ετικέτας
Δεν υπάρχουν, Καταχωρήστε ετικέτα πρώτοι!
|
MARC
| LEADER | 00000nam a2200000Ia 4500 | ||
|---|---|---|---|
| 008 | 170316s9999 xx 000 0 und d | ||
| 999 | |c 20031 |d 20031 | ||
| 040 | |a cru BVZT | ||
| 090 | |a 801 A-28i | ||
| 100 | |a Arróniz, Othón | ||
| 245 | |a La influencia italiana en el nacimiento de la comedia española |c / Othón Arróniz | ||
| 260 | |a Madrid, España |b Gredos |c 1969 | ||
| 300 | |a 336 páginas | ||
| 650 | |a TEORÍA LITERARIA |9 178 | ||
| 650 | |a LITERATURA ESPAÑOLA - COMEDIA | ||
| 650 | |a COMPAÑIAS ITALIANAS | ||
| 650 | |a PERÍODO 1492 - 1587 | ||
| 942 | |c 15 D |h 801 A-28i |2 z | ||
